| 000 | 01321nam a2200325 i 4500 | ||
|---|---|---|---|
| 003 | DO-SdBNP | ||
| 005 | 20260521073717.0 | ||
| 007 | ta | ||
| 008 | 100405s2013 dr 001 0 spa d | ||
| 020 | _a9789945492149 | ||
| 040 |
_aDO-SdBNP _bspa _cBNPHU _erda |
||
| 082 | 4 |
_a320.51 _bS255u 2013 _222 |
|
| 100 | 1 |
_aSang, Mu-Kien A. _d1955- _q(Mu-Kien Adriana) _eautor _9331 |
|
| 245 | 1 | 0 |
_aUna utopía inconclusa : _bEspaillat y el liberalismo dominicano del siglo XIX / _cMu-kien Adriana Sang ; prólogo, Wenceslao Vega B. |
| 264 | 4 |
_aSanto Domingo : _bEditora Nacional, _c1997. |
|
| 300 |
_a553 páginas ; _c23 cm. |
||
| 336 |
_atexto _btxt _2rdacontent |
||
| 337 |
_asin mediación _bn _2rdamedia |
||
| 338 |
_avolumen _bnc _2rdacarrier |
||
| 500 | _aIncluye datos biográficos de la autor en las solapas | ||
| 500 | _aIncluye referencias bibliográficas, notas al pie de las páginas e índice | ||
| 504 | _aBibliografía : páginas 533-553 | ||
| 590 | _aInventariado, 2025/BT | ||
| 600 | 1 | 4 |
_aEspaillat Quiñones, Ulises Francisco, _d1823-1878 _96567 |
| 650 | 4 |
_aLiberalismo _zRepública Dominicana _xHistoria _ySiglo XIX _938669 |
|
| 651 | 4 |
_aRepública Dominicana _xPolítica y gobierno _y1844-1930 _96961 |
|
| 700 | 1 |
_aVega B., Wenceslao, _d1932- _eprologuista _4pr. _938670 |
|
| 910 | _aBtavárez | ||
| 942 |
_2ddc _cLBS1 |
||
| 999 |
_c58125 _d58125 |
||